000
00278nam a22001337a 4500
008
170526b xxu||||| |||| 00| 0 eng d
020
_a
0442226683
041
_a
eng
080
_a
621(075.8)
100
_a
25
101
_a
IM
245
_a
WOOD
_c
GIBBIA, S.W
942
_2
udc
_c
BK
999
_c
14457
_d
14457